BPF publishes study (Record no. 70160)
[ view plain ]
| 000 -LEADER | |
|---|---|
| fixed length control field | 01091cam a2200193 4500 |
| 001 - CONTROL NUMBER | |
| control field | WB3816-06 |
| 008 - FIXED-LENGTH DATA ELEMENTS--GENERAL INFORMATION | |
| fixed length control field | 020502n2002 000 0 eng u |
| 035 ## - SYSTEM CONTROL NUMBER | |
| System control number | (Sirsi) u117817 |
| 245 ## - TITLE STATEMENT | |
| Title | BPF publishes study |
| 260 ## - PUBLICATION, DISTRIBUTION, ETC. | |
| Date of publication, distribution, etc. | 2002 |
| 490 ## - SERIES STATEMENT | |
| Series statement | RICS Corporate Occupiers Group News |
| Volume/sequential designation | 9 April 2002, (1) |
| 520 ## - SUMMARY, ETC. | |
| Summary, etc. | The British Property Federation (BPF) published a report on 9 April 2002, highlighting the role of the property sector in the economy. "Commercial property quarterly review" is produced by the BPF together with the London Business School and Imperial College London. It is the first in a series of quarterly surveys, which aim to provide an impartial view of the property industry's role and contribution to the UK economy. Report available at http://www.bpf.propertymall.com/publications/publications_publications_summary.php?id=23. http://www.rics.org/ricscms/bin/show?class=News&template=/includes/shownews.html&id=2417 |
| 590 ## - LOCAL NOTE (RLIN) | |
| Local note | WB |
| 650 ## - SUBJECT ADDED ENTRY--TOPICAL TERM | |
| Topical term or geographic name entry element | BPF |
| 650 ## - SUBJECT ADDED ENTRY--TOPICAL TERM | |
| Topical term or geographic name entry element | PROPERTY INDUSTRY |
| 650 ## - SUBJECT ADDED ENTRY--TOPICAL TERM | |
| Topical term or geographic name entry element | ECONOMY |
| 690 ## - LOCAL SUBJECT ADDED ENTRY--TOPICAL TERM (OCLC, RLIN) | |
| Topical term or geographic name as entry element | PROPERTY-COMMERCIAL PROPERTY |
| 942 ## - ADDED ENTRY ELEMENTS (KOHA) | |
| Suppress in OPAC | 0 |
| Withdrawn status | Lost status | Source of classification or shelving scheme | Damaged status | Not for loan | Home library | Current library | Shelving location | Date acquired | Total Checkouts | Full call number | Barcode | Date last seen | Copy number | Price effective from | Koha item type |
|---|---|---|---|---|---|---|---|---|---|---|---|---|---|---|---|
| Dewey Decimal Classification | London | London | News article | 02/05/2002 | WB3816-06 | 117817-1001 | 06/08/2019 | 1 | 06/08/2019 | News article |